| 000 | 00633nam a2200193Ii 4500 | ||
|---|---|---|---|
| 003 | JO-AjNU | ||
| 008 | 230605s9999||||xx |||||||||||||| ||und|| | ||
| 040 |
_aJO-AjNU _bara _erda _cJO-AjNU |
||
| 041 | _aara | ||
| 050 | 1 | 4 | _aBF698.A27.1978 |
| 100 | 3 |
_aابو عبيه،محمد حسن, _eauthor _910002 |
|
| 245 | 0 | 0 | _aالشخصية بين النظرية والتطبيق التربوي |
| 264 | 3 | 1 | _aالقاهرة:دار المعارف بمصر ،1978 |
| 300 | _a208ص | ||
| 336 |
_atext _btxt _2rdacontent |
||
| 337 |
_aunmediated _bn _2rdamedia |
||
| 338 |
_avolume _bnc _2rdacarrier |
||
| 650 | 4 |
_aشخصية-علم نفس _910003 |
|
| 999 |
_aA1587 _c5155 _d5155 |
||